American Headway 2 Workbook cassette

Tallennettuna:
Bibliografiset tiedot
Aineistotyyppi: Kirja
Kieli:Undetermined
Julkaistu: Oxford Oxford University Press 2001
Aiheet:
Tagit: Lisää tagi
Ei tageja, Lisää ensimmäinen tagi!
Thư viện lưu trữ: Trung tâm Học liệu Trường Đại học Cần Thơ
LEADER 00642nam a2200205Ia 4500
001 CTU_65442
008 210402s9999 xx 000 0 und d
020 |c 82000 
082 |a 428.0071 
082 |b H432 
245 0 |a American Headway 2 
245 0 |b Workbook cassette 
245 0 |c John Soars 
260 |a Oxford 
260 |b Oxford University Press 
260 |c 2001 
650 |a English language 
650 |x Textbooks for foreign speakers 
904 |i TUYẾN, H.Mai chuyển số PL về 428.0071 dùng cho cả bộ, mã hóa cutter theo tên sách 
980 |a Trung tâm Học liệu Trường Đại học Cần Thơ